000 00716nam a2200217Ia 4500
003 GCL
008 140319s9999 xx 000 0 ara d
040 _aGCL /
_cGCL
082 0 4 _aع
_b618.1
_bا س
100 1 _aايمن الحسينى
245 1 0 _aسرى وعاجل للنساء فقط !!: أسرار المرأة وحياتها الخاصة الصحية والنفسية /
_cايمن الحسينى
260 _a[S.N] :
_bمكتبة ابن سيناء ،
_c1990
300 _a160 ص
490 _a
650 0 4 _aامراض
650 0 4 _aالنساء
650 0 4 _aالامراض التناسلية
650 0 4 _aالصحة الجنسية
650 0 4 _aالتربية الجنسية
942 _2ddc
_cBK
999 _c30628
_d30628